La empresa y su estructura financiera (Registro nro. 23902)

Detalles MARC
000 -LEADER
fixed length control field 00368 a2200121 4500
001 - CONTROL NUMBER
control field ART_9837
005 - DATE AND TIME OF LATEST TRANSACTION
control field 20260410161839.0
008 - FIXED-LENGTH DATA ELEMENTS--GENERAL INFORMATION
fixed length control field 260409a
100 1# - MAIN ENTRY--PERSONAL NAME
Personal name Wajchman, Mauricio
245 10 - TITLE STATEMENT
Title La empresa y su estructura financiera
700 1# - ADDED ENTRY--PERSONAL NAME
Personal name Wajchman, Bernardo
773 0# - HOST ITEM ENTRY
Title Contabilidad y administración
Related parts - Año 7, Nº 73 (jul. 1983)
Record control number REV5485

No hay ítems disponibles.